| 000 | 01087cam a2200337Ia 4500 | ||
|---|---|---|---|
| 999 |
_c4244 _d4244 |
||
| 001 | 239742 | ||
| 003 | GBCCL | ||
| 005 | 20241126110514.0 | ||
| 008 | 960805s1996 miu 001 0 eng d | ||
| 035 | _a(OCoLC)ocm35187145 | ||
| 035 | _a(OCoLC)35187145 | ||
| 040 |
_aCDC _beng _cCDC _dWTS _dGZQ _dBAKER _dYDXCP _dSINLB _dBDX _dOCLCQ _dOCLCO _dOCLCA _dOCLCQ _dLBB |
||
| 049 | _aLBBT | ||
| 050 | 4 |
_aBS2560 _b.D36 1996 |
|
| 082 | 0 | 4 |
_a226.1 _221 _bDAN |
| 090 |
_aBS2560 _b.D36 1996 |
||
| 100 |
_aDaniel, Orville E. _98049 |
||
| 130 | 0 |
_aBible. _pGospels. _lEnglish. _sNew International. _f1996. _98050 |
|
| 245 | 1 | 2 |
_aA combined harmony of the Gospels / _cOrville E. Daniel. |
| 250 | _a2nd ed. | ||
| 260 |
_aCocanada : _bBaptist Book room, _c1937. |
||
| 300 |
_a417 pages ; _c23 cm |
||
| 336 |
_atext _btxt _2rdacontent |
||
| 337 |
_aunmediated _bn _2rdamedia |
||
| 338 |
_avolume _bnc _2rdacarrier |
||
| 500 | _aIncludes index. | ||
| 630 | 0 | 0 |
_aBible. _pGospels _vHarmonies, English. _93735 |
| 700 | 1 |
_aDaniel, Orville E. _98049 |
|
| 740 | 0 | _aInterwoven harmony of the Gospels. | |
| 942 |
_2ddc _cBK _04 |
||